| 000 | 007050000a22001690004500 | ||
|---|---|---|---|
| 090 |
_aAR _b00950 |
||
| 245 | 1 | 0 | _aObservaciones sobre los fenómenos de endocarso en la Cueva del Indio, Parque Nacional Natural Cueva de los Guácharos, Huila - Colombia |
| 650 | 1 | 4 |
_aEspeleología _94156 |
| 650 | 1 | 4 |
_aMorfometría _993191 |
| 650 | 1 | 4 |
_aEstructuras litológicas _994138 |
| 651 | 4 |
_lCueva del Indio, Parque Nacional Natural Cueva de los Guácharos _dHuila _pColombia _992749 |
|
| 041 | 0 | _aEspañol | |
| 700 | 1 |
_aMorales Alvarez, Ludis del Rosario _994139 |
|
| 100 | 1 |
_aGonzález Eliseo, Amado _994140 |
|
| 942 | _cARTICULO | ||
| 773 | 1 |
_tBoletín Científico de la Universidad de la Salle _3182 _h2 _q23-42 _d1989 _g3 |
|
| 999 |
_c10038 _d10038 |
||